000 00357nam a2200121 4500
999 _c517177
_d517177
082 _aTNC Q39 Sh39/c.2
100 _aShreevastav, K.N.P. Sawshilya, Archana.
_924597
245 _aBasis of disaster management ( Pre-During post)
260 _aNew Delhi
_bSatyam
_c2006
300 _a468p
650 _aDisaster management
_924598
650 _aDisaster
_924599